Responses for show #4429 - Thursday, December 4, 2003

Contestants

[<< previous game]

Jeffrey Burcaw, a vice president of an engineering firm from Warner Robins, Georgia

Ben Eggenberger, a technology manager from Alma, Michigan

Lillie Salsberry, a librarian from Baton Rouge, Louisiana (whose 1-day cash winnings total $2,700)

[next game >>]

Jeopardy! Round responses

THE 18th CENTURY
MOVIE SONGS
(Alex: Name the movie that introduced each song.)
A HOOSIERS WHO'S WHO
AVIATION FIRSTS
GREAT FIGURES
PASS THE "P"s
    $200 15
Captain Kidd

Jeffrey
    $200 6
Flashdance

Lillie
    $200 26
Dan Quayle

Jeffrey
    $200 11
Eisenhower

Ben
    $200 21
(Barnum's) Circus

Ben
    $200 1
plateau

Ben
    $400 16
Casanova

Jeffrey
    $400 7
The Jungle Book

Lillie
    $400 27
Florence Henderson

Jeffrey
    $400 12
(Charles) Rolls

Ben
    $400 22
(Jeffrey: What are quarters?)
(Lillie: What is the Sacajawea dollar?)

nickels (20 in a dollar)

LillieJeffrey
Triple Stumper
    $400 2
penance

Lillie
    $600 17
Rousseau

Jeffrey
    $600 8
The Color Purple

Ben
    $600 28
Richard Lugar

Jeffrey
    $600 13
Scientific American

Triple Stumper
    $600 23
patents

Lillie
    $1,000 3
(Lillie: Don't know.)

"Poor Richard's Almanack"

Lillie
    $800 18
"A Little Night Music" ("Eine kleine Nachtmusik")

Triple Stumper
    $800 9
Nashville

Triple Stumper
    $800 29
Jimmy Hoffa

Lillie
    $800 14
Wiley Post

Jeffrey
    $800 24
Hot Wheels

Lillie
    $800 4
Paul

Ben
    $1000 19
Baron von Munchausen

Jeffrey
    $1000 10
The Mambo Kings

Triple Stumper
    $1000 30
Ernie Pyle

Triple Stumper
    $1000 20
the China Clipper

Jeffrey
    $1000 25
(Alex: With a minute to go.)

Australia

Jeffrey
    $1000 5
prestidigitation

Ben

Scores at the first commercial break (after clue 15):

Lillie Ben Jeffrey
$0 $3,200 $1,000

Scores at the end of the Jeopardy! Round:

Lillie Ben Jeffrey
$1,800 $3,400 $5,800

Double Jeopardy! Round responses

MAMMALS
THE OLYMPIC GAMES
DOG & CAT TALES
SUCCESSORS
"A" IN GEOGRAPHY
BEFORE & AFTER
    $400 2
platypus

Jeffrey
    $400 26
the decathlon

Ben
    $400 12
The Cat in the Hat

Lillie
    $400 6
Duncan

Lillie
    $400 1
Angola

Jeffrey
    $400 20
(Jeffrey: Who is Marco Polo?)

Marco Polo shirt

LillieJeffrey
    $800 3
(Jeffrey: What is caribou?)

elk (or moose)

LillieJeffrey
    $800 27
Katarina Witt

Ben
    $800 13
Barbara Bush

Lillie
    $800 7
district attorney

Triple Stumper
    $1,200 5
(Lillie: What is Athens?)

Alexandria

Lillie
    $800 21
Aretha Franklin Delano Roosevelt

Ben
    $800 4
(Lillie: What is a rhinoceros?)

armadillo

Lillie
    $1200 28
1960

Jeffrey
    $1200 14
Jack London

Jeffrey
    $1200 8
Screen Actors Guild

Ben
    $1200 17
Adelaide

Jeffrey
    $1200 22
Of Mice and Men Against the Sea

Triple Stumper
    $1600 10
dolphin

Triple Stumper
    $1600 29
(Jeffrey: What is the triple jump?)
[end-of-round signal sounds]

shot put

Jeffrey
Triple Stumper
    $1600 15
The Black Cat

Ben
    $1600 9
Tina Brown

Triple Stumper
    $1600 18
the Atacama Desert

Triple Stumper
    $1600 23
Ricki Lake Baikal

Triple Stumper
    $2000 11
coatimundi

Jeffrey
    $2000 16
James Herriot

Jeffrey
    $2000 25
the Chicago Symphony Orchestra

Triple Stumper
    $2000 19
the Azores

Jeffrey
    $2000 24
(Alex: With a minute to go.)

Bowling Green Eggs and Ham

Ben

Scores at the end of the Double Jeopardy! Round:

Lillie Ben Jeffrey
$2,600 $10,200 $13,400

[wagering suggestions for these scores]

Final Jeopardy! Round responses

AMERICAN AUTHORS
(Alex: He spent half of his adult life in Havana.)
LillieWho was Hemingway?
$2,300
BenWho Papa
$4,900
JeffreyWho is [Murph]? Dos Passos
$7,001
Ernest Hemingway

Final scores:

Lillie Ben Jeffrey
$4,900 $5,300 $6,399
3rd place: $1,000 2nd place: $2,000 New champion: $6,399

Game dynamics:

Coryat scores:

Lillie Ben Jeffrey
$5,600 $10,200 $13,400
11 R,
4 W
(including 3 DDs)
13 R,
0 W
18 R,
4 W

Combined Coryat: $29,200

The J! Archive is created by fans, for fans. The Jeopardy! game show and all elements thereof, including but not limited to copyright and trademark thereto, are the property of Jeopardy Productions, Inc. and are protected under law. This website is not affiliated with, sponsored by, or operated by Jeopardy Productions, Inc. Join the discussion at JBoard.tv.